01218nam a22002297a 4500008004100000020001800041050002000059100003500079245005800114250001900172260008200191300003000273500009600303504003500399505038400434650002400818700002900842700002400871700003300895700002900928700003100957131121t2006 mx a|||| |||| 00| 0 spa d a9789682475702 aHM251 bP8 2006 aSalazar, José Migueleautor  aPsicología socialc/ José Miguel, Salazar. et al. a3a. edición  aMéxicob: Trillas: Asociación Venezolana de Psicología Social c, 2006 a427 páginas b: tablas  aIncluye: Índice de contenido, Prólogo (pp. 5 - 6), Índice analítico (pp. 422 - 427) aBibliografía (pp. 396 - 421) aLa psicología social: una panorámica general La comunicación Percepción social Valores y motivaciones sociales Actitudes y conducta Formación y cambio de actitudes El pequeño grupo Normas roles y posiciones sociales La personalidad básica La clase social: sus derivaciones psicosociales La desviación social La psicología social aplicada  0aPSICOLOGÍA SOCIAL aMontero, Maritzaeautor  aMuñoz C., Carlos  aSánchez, Euclides eautor  aSantoro, Eduardoeautor  aVillegas, Julio F.eautor